000 00978nam a2200217 i 4500
001 49313
003 ES-MaACL
005 20251001141542.0
007 t|
008 030714s1875 sp ||||1| spa d
080 _a612.68
100 1 _aCortés y Morales, Balbino.
_940911
245 1 0 _aTesoro de la salud
_b: novísimo tratado de longevidad humana o El más eficaz sistema para alargar la vida con el espedífico mas simple, saludable y barato que existem compuesto segun las doctrinas y preceptos de los eminentes doctores en medicina Sres. Burggraeve y nuestro Ferrer Gorraiz /
_cpor Balbino Cortés y Morales.
260 _aMadrid :
_b[s.n.],
_c1875 (
_fImp. de J. A. García)
300 _a132 p. ;
_c19 cm.
650 0 4 _aLongevidad.
_914705
700 1 _aFerrer Gorraiz Beaumont y Montesa, Vicente,
_d1718-1792
_9152495
740 3 _aEl más eficaz sistema para alargar la vida.
852 _aES-MaACL
_jD-1373
_z.- Legado M. de la Fuente
999 _c49313
_d49313